| 000 | 00419nam a22001697a 4500 | ||
|---|---|---|---|
| 003 | CEME | ||
| 005 | 20210628202340.0 | ||
| 008 | 210311b xxu||||| |||| 00| 0 eng d | ||
| 020 | _a81-7022-240-0 | ||
| 040 | _c. | ||
| 082 | _a025 DIM'V | ||
| 100 |
_aVenkatappaiah, V.Dr _959493 |
||
| 245 | _aDimensions of library and information scienc | ||
| 260 |
_aNEWDELHI _bCONCEPT _c1990 |
||
| 300 | _a629P | ||
| 942 |
_cBK _2ddc |
||
| 999 |
_c569458 _d569458 |
||